000
00324nam a22001457a 4500
008
221229b ||||| |||| 00| 0 eng d
020
_a
0875530788
041
_a
eng
080
_2
FOURTEENTH EDITION
_a
575
082
_a
575RAN
100
_a
13
101
_a
BIO
245
_a
STANDARD METHODS
_c
RAND C M
942
_2
udc
_c
BK
999
_c
59230
_d
59230